00864cam a22002531 4500001001300000003000400013005001700017008004100034010001700075035001900092040001900111042001200130050002500142100003000167245004900197260011300246300001800359490006800377504002800445650002500473650002300498830007200521999001700593gs 60000250 DLC20260227111409.0780914s1960 nmu 000 0 eng  ags 60000250  a(OCoLC)4224768 aDLCcTxEUdDLC apremarc00aTN24.N6bA235 no. 561 aKottlowski, Frank Edward.10aGeologic research in New Mexico during 1959. aSocorro,bState Bureau of Mines and Mineral Resources, New Mexico Institute of Mining and Technology,c1960. a44 p.c28 cm.1 aNew Mexico. Bureau of Mines and Mineral Resources. Circularv56 aBibliography: p. 25-35. 0aGeologyzNew Mexico. 0aGeologyxResearch. 0aCircular (New Mexico. Bureau of Mines and Mineral Resources) ;v56. c29471d29471